Cultura, ciencia y universidad en el magisterio de Juan Pablo II / (Registro nro. 1093)

Detalles MARC
000 -LEADER
fixed length control field 01737nam a2200289Ia 4500
003 - CONTROL NUMBER IDENTIFIER
control field CO-CtgCURN
005 - DATE AND TIME OF LATEST TRANSACTION
control field 20250408222234.0
008 - FIXED-LENGTH DATA ELEMENTS--GENERAL INFORMATION
fixed length control field 190719s2005 xx 000 s spa d
020 ## - INTERNATIONAL STANDARD BOOK NUMBER
International Standard Book Number 9583381867 (vol. 6)
040 ## - CATALOGING SOURCE
Original cataloging agency CO-CtgCURN
Language of cataloging spa
Transcribing agency coctgcurn
082 ## - DEWEY DECIMAL CLASSIFICATION NUMBER
Classification number 261
Item number C968
110 ## - MAIN ENTRY--CORPORATE NAME
Corporate name or jurisdiction name as entry element Concejo de Bogotá
245 #0 - TITLE STATEMENT
Title Cultura, ciencia y universidad en el magisterio de Juan Pablo II /
Statement of responsibility, etc. compilador., Hernando Sebá López
250 ## - EDITION STATEMENT
Edition statement 1 edición
260 ## - PUBLICATION, DISTRIBUTION, ETC.
Place of publication, distribution, etc. Bogotá, Colombia :
Name of publisher, distributor, etc. Concejo de Bogotá,
Date of publication, distribution, etc. 2005
300 ## - PHYSICAL DESCRIPTION
Extent 662 páginas ;
Dimensions 24 centímetros
500 ## - GENERAL NOTE
General note Incluye índices
505 ## - FORMATTED CONTENTS NOTE
Formatted contents note Año 1999 - Año 2000.
520 ## - SUMMARY, ETC.
Summary, etc. Juan Pablo II ha afirmado que uno de los objetivos de su pontificado consiste en construir una cultura de la vida para hacer a una cultura de la muerte en expansión. Por eso dice el Pontífice estoy promoviendo incansablemente la defensa incondicional de la vida humana desde el instante de su concepción hasta su muerte natural. Otro asunto al cual el Papa le ha dedicado sus mejores energías, es al de los derechos humanos. El mismo lo afirma enfáticamente cuando dice: Durante mi ministerio de Pastor de la Iglesia universal, he querido dedicar una atención particular a la salvaguardia y a la promoción de la dignidad de la persona y de sus derechos, en todas las etapas de su vida y en toda circunstancia política, económica o cultural
521 ## - TARGET AUDIENCE NOTE
Target audience note AREA BASICA
590 ## - LOCAL NOTE (RLIN)
Local note Todos los programas académicos
650 ## - SUBJECT ADDED ENTRY--TOPICAL TERM
Topical term or geographic name entry element Documentos pontificios
9 (RLIN) 698
650 ## - SUBJECT ADDED ENTRY--TOPICAL TERM
Topical term or geographic name entry element Hombre
General subdivision Teología
9 (RLIN) 699
700 ## - ADDED ENTRY--PERSONAL NAME
Personal name Sebá López, Hernando
Relator term compilador
9 (RLIN) 784
942 ## - ADDED ENTRY ELEMENTS (KOHA)
Koha item type Libros
Classification part 261
Item part C968
Source of classification or shelving scheme Dewey Decimal Classification
Suppress in OPAC No
Existencias
Withdrawn status Lost status Source of classification or shelving scheme Damaged status Not for loan Collection Home library Current library Shelving location Date acquired Inventory number Total checkouts Full call number Barcode Date last seen Copy number Price effective from Koha item type
    Dewey Decimal Classification     General Miguel Henríquez Castañeda Barranquilla Miguel Henríquez Castañeda Barranquilla General 05/23/2018 00505   261 C968 00505 07/19/2019 v. 6 ej.1 07/19/2019 Libros